<?xml version="1.0" encoding="UTF-8"?>
<record
    xmlns:xsi="http://www.w3.org/2001/XMLSchema-instance"
    xsi:schemaLocation="http://www.loc.gov/MARC21/slim http://www.loc.gov/standards/marcxml/schema/MARC21slim.xsd"
    xmlns="http://www.loc.gov/MARC21/slim">

  <leader>01009nam a22003017a 4500</leader>
  <datafield tag="999" ind1=" " ind2=" ">
    <subfield code="c">195375</subfield>
    <subfield code="d">195375</subfield>
  </datafield>
  <controlfield tag="003">OSt</controlfield>
  <datafield tag="082" ind1=" " ind2=" ">
    <subfield code="a">631</subfield>
    <subfield code="b">PRA/JA</subfield>
  </datafield>
  <datafield tag="100" ind1=" " ind2=" ">
    <subfield code="a">Pradeep, K R</subfield>
  </datafield>
  <datafield tag="245" ind1=" " ind2=" ">
    <subfield code="a">Jaivakrushi sahayi</subfield>
    <subfield code="b">/&#xD1C;&#xD48;&#xD35;&#xD15;&#xD43;&#xD37;&#xD3F; &#xD38;&#xD39;&#xD3E;&#xD2F;&#xD3F;:&#xD36;&#xD41;&#xD26;&#xD4D;&#xD27;&#xD2D;&#xD15;&#xD4D;&#xD37;&#xD23;&#xD24;&#xD4D;&#xD24;&#xD3F;&#xD28;&#xD41;&#xD02; &#xD28;&#xD3E;&#xD1F;&#xD3F;&#xD7B;&#xD31;&#xD46; &#xD06;&#xD30;&#xD4B;&#xD17;&#xD4D;&#xD2F;&#xD24;&#xD4D;&#xD24;&#xD3F;&#xD28;&#xD41;&#xD02;</subfield>
  </datafield>
  <datafield tag="250" ind1=" " ind2=" ">
    <subfield code="a">2nd Ed</subfield>
  </datafield>
  <datafield tag="260" ind1=" " ind2=" ">
    <subfield code="a">Thiruvananthapuram</subfield>
    <subfield code="b">Save Our Rice Campaign and Thanal</subfield>
    <subfield code="c">2015</subfield>
  </datafield>
  <datafield tag="300" ind1=" " ind2=" ">
    <subfield code="a">71p.</subfield>
  </datafield>
  <datafield tag="500" ind1=" " ind2=" ">
    <subfield code="a">Jaivakrishi: shudhabhakshanathinum nadinte aarogyathinum</subfield>
  </datafield>
  <datafield tag="500" ind1=" " ind2=" ">
    <subfield code="a">&#xD2A;&#xD4D;&#xD30;&#xD26;&#xD40;&#xD2A;&#xD4D;, &#xD15;&#xD46; &#xD06;&#xD7C;</subfield>
  </datafield>
  <datafield tag="500" ind1=" " ind2=" ">
    <subfield code="a">&#xD26;&#xD3F;&#xD32;&#xD40;&#xD2A;&#xD4D; &#xD15;&#xD41;&#xD2E;&#xD3E;&#xD7C;, &#xD0E; &#xD21;&#xD3F;</subfield>
  </datafield>
  <datafield tag="500" ind1=" " ind2=" ">
    <subfield code="a">&#xD05;&#xD02;&#xD2C;&#xD3F;&#xD15;, &#xD35;&#xD3F; &#xD21;&#xD3F;</subfield>
  </datafield>
  <datafield tag="500" ind1=" " ind2=" ">
    <subfield code="a">&#xD2A;&#xD4D;&#xD30;&#xD3F;&#xD2F;&#xD19;&#xD4D;&#xD15;, &#xD0E;&#xD02; </subfield>
  </datafield>
  <datafield tag="534" ind1=" " ind2=" ">
    <subfield code="n">2011</subfield>
  </datafield>
  <datafield tag="546" ind1=" " ind2=" ">
    <subfield code="a">Malayalam</subfield>
  </datafield>
  <datafield tag="650" ind1=" " ind2=" ">
    <subfield code="a">Agriculture</subfield>
  </datafield>
  <datafield tag="650" ind1=" " ind2=" ">
    <subfield code="a">Pest management</subfield>
  </datafield>
  <datafield tag="650" ind1=" " ind2=" ">
    <subfield code="a">Organic farming</subfield>
  </datafield>
  <datafield tag="650" ind1=" " ind2=" ">
    <subfield code="a">Vegetable crops</subfield>
  </datafield>
  <datafield tag="700" ind1=" " ind2=" ">
    <subfield code="a">Dileepkumar, A D</subfield>
  </datafield>
  <datafield tag="700" ind1=" " ind2=" ">
    <subfield code="a">Ambika, V D</subfield>
  </datafield>
  <datafield tag="700" ind1=" " ind2=" ">
    <subfield code="a">Priyanka, M</subfield>
  </datafield>
  <datafield tag="942" ind1=" " ind2=" ">
    <subfield code="2">ddc</subfield>
    <subfield code="c">BK</subfield>
  </datafield>
  <datafield tag="952" ind1=" " ind2=" ">
    <subfield code="0">0</subfield>
    <subfield code="1">0</subfield>
    <subfield code="2">ddc</subfield>
    <subfield code="4">0</subfield>
    <subfield code="7">0</subfield>
    <subfield code="8">Gen</subfield>
    <subfield code="a">KAUCLV</subfield>
    <subfield code="b">KAUCLV</subfield>
    <subfield code="c">GENERAL</subfield>
    <subfield code="d">2020-12-17</subfield>
    <subfield code="g">50.00</subfield>
    <subfield code="l">0</subfield>
    <subfield code="o">631 PRA/JA</subfield>
    <subfield code="p">811580</subfield>
    <subfield code="r">2020-12-17 00:00:00</subfield>
    <subfield code="y">BK</subfield>
  </datafield>
</record>
